Oxford English for careers: Nursing 1 student’s book (Kèm theo CD/ 857)

Gespeichert in:
Bibliographische Detailangaben
Format: Buch
Veröffentlicht: 2008
Tags: Tag hinzufügen
Keine Tags, Fügen Sie den ersten Tag hinzu!
Thư viện lưu trữ: Mạng thư viện Đại học Đà Nẵng
LEADER 00480nam a22001811a 4500
001 000038457
003 14752
005 20160412021314.0
008 160412s2008 000
082 |a 4A(07)2566 
245 |a Oxford English for careers: Nursing 1 student’s book (Kèm theo CD/ 857)  |c Tony Grice 
260 |c 2008 
OWN |a LNN 
999 |a From the UDN01 
TYP |a Monograph 
980 |a Mạng thư viện Đại học Đà Nẵng